Kau mawarku (Record no. 82510)

MARC details
000 -LEADER
fixed length control field 00631nam a2200241 i 4500
001 - CONTROL NUMBER
control field C2-0274777
003 - CONTROL NUMBER IDENTIFIER
control field PPAK
005 - DATE AND TIME OF LATEST TRANSACTION
control field 20180728003730.0
008 - FIXED-LENGTH DATA ELEMENTS--GENERAL INFORMATION
fixed length control field 061004s2006 my |||| ||||| | may d
020 ## - INTERNATIONAL STANDARD BOOK NUMBER
International Standard Book Number 9833669050
040 ## - CATALOGING SOURCE
Original cataloging agency PPAK
Language of cataloging eng
Transcribing agency PPAK
Description conventions rda
082 04 - DEWEY DECIMAL CLASSIFICATION NUMBER
Classification number 899.233
Edition number 23
090 00 - LOCALLY ASSIGNED LC-TYPE CALL NUMBER (OCLC); LOCAL CALL NUMBER (RLIN)
Classification number (OCLC) (R) ; Classification number, CALL (RLIN) (NR) 899.233
Feature heading SHA
Feature heading G
100 0# - MAIN ENTRY--PERSONAL NAME
Personal name Shahriah Abdullah,
Relator term author
245 10 - TITLE STATEMENT
Title Kau mawarku
264 #1 - PRODUCTION, PUBLICATION, DISTRIBUTION, MANUFACTURE, AND COPYRIGHT NOTICE
Place of production, publication, distribution, manufacture Petaling Jaya, Selangor :
Name of producer, publisher, distributor, manufacturer Buku Prima ,
Date of production, publication, distribution, manufacture, or copyright notice 2006
300 ## - PHYSICAL DESCRIPTION
Extent 316 pages ;
Dimensions 19 cm
336 ## - CONTENT TYPE
Source rdacontent
Content type term text
337 ## - MEDIA TYPE
Source rdamedia
Media type term unmediated
338 ## - CARRIER TYPE
Source rdacarrier
Carrier type term volume
650 10 - SUBJECT ADDED ENTRY--TOPICAL TERM
Topical term or geographic name entry element Malay fiction.
942 ## - ADDED ENTRY ELEMENTS (KOHA)
-- dc
Koha item type Book
Holdings
Withdrawn Not for loan Current library Shelving location Date acquired Full call number Barcode Date last seen Koha item type
    Perpustakaan Alor Setar Pinjaman Dewasa 15/03/2007 899.233 SHA A01148948 09/05/2018 Book
    Perpustakaan Baling Pinjaman Dewasa 15/03/2007 899.233 SHA A01148945 09/05/2018 Book
    Perpustakaan Bandar Baharu Pinjaman Dewasa 15/03/2007 899.233 SHA A01148946 09/05/2018 Book
    Perpustakaan Kulim Pinjaman Dewasa 15/03/2007 899.233 SHA A01148942 09/05/2018 Book
    Perpustakaan Sik Pinjaman Dewasa 15/03/2007 899.233 SHA A01148944 09/05/2018 Book
    Perpustakaan Yan Pinjaman Dewasa 15/03/2007 899.233 SHA A01148943 09/05/2018 Book